Statistics for Yes quiz

Click here to take the quiz!

General Stats

  • This quiz has been taken 14 times
  • The average score is 4 of 15

Answer Stats

HintAnswer% Correct
yesyeah
86%
yesok
79%
yessure
64%
yesof course!
36%
yesabsolutely
29%
yesfine
29%
yesaffirmative
21%
yesindeed
21%
yesdefinetly
14%
yesyou bet!
14%
yesall right!
7%
yesby all means
7%
yescertaintly
7%
yesi agree
7%
yesyou got it!
7%

Score Distribution

Percentile by Number Answered

Percent of People with Each Score

Your Score History

You have not taken this quiz